000 00316nam a2200133Ia 4500
008 240624s9999 xx 000 0 und d
041 _aeng
082 _a823 ZAF
100 _aZAFON CARLOS RUIZ
245 _aMIDNIGHT PALACE
260 _c2012
_aNew Delhi
_bOrion
300 _a281 : p. : cm. ; 21
365 _cRS
_b25
999 _c19954
_d19954